[Event "IND-ch U13 Girls"]
[Site "Gujarath"]
[Date "2016.07.29"]
[Round "10"]
[White "Bhagyashree, Patil"]
[Black "Madhani, Shilpee"]
[Result "1/2-1/2"]
[WhiteElo "1484"]
[BlackElo "1281"]
[PlyCount "88"]
[EventDate "2016.07.22"]
[EventType "swiss"]
[EventRounds "11"]
[EventCountry "IND"]
[SourceTitle "EXT 2017"]
[Source "ChessBase"]
[SourceDate "2016.10.25"]
[SourceVersion "1"]
[SourceVersionDate "2016.10.25"]
[SourceQuality "1"]

1. e4 e5 2. Nf3 Nc6 3. Bc4 Nf6 4. d3 d5 5. exd5 Nxd5 6. Bg5 Be7 7. Bxd5 Qxd5 8. Bxe7 Nxe7 9. Nc3 Qa5 10. Qe2 f6 11. 0-0 Bg4 12. Qe4 Bxf3 13. Qxf3 Qb6 14. b3 Qc6 15. Qxc6+ Nxc6 16. Nb5 0-0-0 17. f4 a6 18. Na3 Rde8 19. fxe5 Rxe5 20. Nc4 Re2 21. Rf2 Rhe8 22. Kf1 Rxf2+ 23. Kxf2 Nb4 24. Na3 Re5 25. d4 Rh5 26. h3 Ra5 27. c3 Rxa3 28. cxb4 a5 29. bxa5 Rxa5 30. Ke3 Kd7 31. Ke4 Rg5 32. g4 Ra5 33. a4 b5 34. Ra2 Kd6 35. Ra1 Ke6 36. d5+ Kd6 37. Ra2 bxa4 38. bxa4 Rxd5 39. a5 Kc6 40. a6 Rd8 41. a7 Kb7 42. Kf5 Ra8 43. Rb2+ Kxa7 44. Rb3 c5 1/2-1/2

[Event "IND-ch U13 Girls"]
[Site "Gujarath"]
[Date "2016.07.27"]
[Round "8"]
[White "Salonika, Saina"]
[Black "Madhani, Shilpee"]
[Result "1-0"]
[WhiteElo "2131"]
[BlackElo "1281"]
[PlyCount "83"]
[EventDate "2016.07.22"]
[EventType "swiss"]
[EventRounds "11"]
[EventCountry "IND"]
[SourceTitle "EXT 2017"]
[Source "ChessBase"]
[SourceDate "2016.10.25"]
[SourceVersion "1"]
[SourceVersionDate "2016.10.25"]
[SourceQuality "1"]

1. e4 d6 2. d4 c6 3. Bd3 Nf6 4. Nc3 Qc7 5. h3 Nbd7 6. f4 e5 7. dxe5 dxe5 8. f5 h6 9. Be3 b6 10. a3 a5 11. Nf3 Ba6 12. Bxa6 Rxa6 13. Qe2 Ra8 14. g4 Be7 15. Nd2 b5 16. Nd1 Qb7 17. Nf2 Bd6 18. h4 Nc5 19. g5 hxg5 20. hxg5 Rxh1+ 21. Nxh1 Ng8 22. Qh5 Qe7 23. Qh7 Qf8 24. Ng3 Ne7 25. Nf3 Qg8 26. Qh3 f6 27. Rd1 Rd8 28. Qh5+ g6 29. fxg6 Qxg6 30. Qh8+ Qg8 31. Qxf6 Qg6 32. Qh8+ Qg8 33. Qxg8+ Nxg8 34. Rxd6 Rxd6 35. Bxc5 Rg6 36. Nf5 a4 37. Kf2 Kd8 38. Nxe5 Re6 39. Nf7+ Kc7 40. Kf3 Kc8 41. Kf4 Kc7 42. e5 1-0

[Event "IND-ch U13 Girls"]
[Site "Gujarath"]
[Date "2016.07.26"]
[Round "7"]
[White "Madhani, Shilpee"]
[Black "Aanya, Agarwal"]
[Result "1-0"]
[WhiteElo "1281"]
[BlackElo "1536"]
[PlyCount "67"]
[EventDate "2016.07.22"]
[EventType "swiss"]
[EventRounds "11"]
[EventCountry "IND"]
[SourceTitle "EXT 2017"]
[Source "ChessBase"]
[SourceDate "2016.10.25"]
[SourceVersion "1"]
[SourceVersionDate "2016.10.25"]
[SourceQuality "1"]

1. e4 e5 2. Bc4 Nf6 3. Nc3 Nc6 4. d3 Bb4 5. Bd2 d6 6. a3 Bc5 7. Nf3 0-0 8. Bg5 Be6 9. Ba2 Nd4 10. h3 c6 11. 0-0 Re8 12. Na4 Nxf3+ 13. Qxf3 Bb6 14. Bxf6 Qxf6 15. Qxf6 gxf6 16. Nxb6 axb6 17. f4 Bxa2 18. Rxa2 d5 19. exd5 cxd5 20. Raa1 Rad8 21. fxe5 fxe5 22. Rf6 e4 23. Rxb6 Re7 24. Kf2 e3+ 25. Ke2 d4 26. c3 Rc8 27. Rc1 Rc5 28. g4 f5 29. Rd6 fxg4 30. hxg4 h5 31. Rxd4 Rg5 32. Rg1 Re6 33. Re4 Reg6 34. Kxe3 1-0